000 01504cam a22003497a 4500
001 17678948
003 GBCCL
005 20241126110357.0
008 130329s2012 orua b 001 0 eng d
010 _a 2012289843
016 7 _a016249260
_2Uk
020 _a1610978943
020 _a9781610978941
035 _a(OCoLC)ocn813930473
040 _aYDXCP
_cYDXCP
_dGHS
_dBWX
_dBTCTA
_dUKMGB
_dGZQ
_dDLC
042 _alccopycat
050 0 0 _aB4378.T7
_bJ64 2012
082 0 0 _a230.044092
_223
_bJOH
100 1 _aJohn, Varughese.
_92468
245 1 0 _aTruth and subjectivity, faith and history :
_bKierkegaard's insights for Christian faith /
_cVarughese John.
260 _aEugene, Or. :
_bPickwick Publications,
_cc2012.
300 _axviii, 159 p. :
_bill. ;
_c23 cm.
504 _aIncludes bibliographical references (p. 147-153) and index.
505 0 _aOn the very idea of truth -- Truthing through subjectivity -- Being in the truth: re-engaging Climacus' devout idolater -- Understanding historical religious knowledge for faith -- Historical research and its sufficiency for faith -- Kierkegaardian insights for Christian witness and apologetics.
600 1 0 _aKierkegaard, Søren,
_d1813-1855.
_92469
650 0 _aTruth.
_92470
650 0 _aTruth
_xReligious aspects
_xChristianity.
_92471
650 0 _aChristianity
_xPhilosophy.
_9278
906 _a7
_bcbc
_ccopycat
_d2
_encip
_f20
_gy-gencatlg
942 _2ddc
_cBK
_07
999 _c1281
_d1281